| 000 | 00417nam a22001457a 4500 | ||
|---|---|---|---|
| 008 | 170113b xxu||||| |||| 00| 0 eng d | ||
| 020 | _a9781583402573 | ||
| 050 |
_aTK 5105.8 _bI57C73 2004 |
||
| 100 | _aCraig, Tom | ||
| 245 |
_aInternet _bTechnology, people, process/Tom Craig _cCraig, Tom |
||
| 260 |
_aUSA _bsmart apple media _c2004 |
||
| 300 |
_a64p _bsom (col) _c25cm |
||
| 500 | _aincludes index | ||
| 942 |
_2lcc _cBK |
||
| 999 |
_c47865 _d47865 |
||